000 00499nam a2200157 i 4500
001 53693
003 ES-MaACL
005 20230906162819.0
007 t|
008 031107s1911 fr ||||1| fre d
100 1 _aGabriel, Edmond.
_953149
245 1 0 _aArpentage, levé des plans, nivellement, tracé des routes /
_cpar Edmond Gabriel.
260 _aTours :
_bMaison A. Mame et Fils ;
_aParis :
_bMaison Poussielgue,
_c1911.
300 _aXI, 372 p. :
_bil. ;
_c22 cm.
852 _aES-MaACL
_jF-2136
999 _c53693
_d53693